|
|
|
|
| LEADER |
00000cam a2200000 c 4500 |
| 001 |
1882338278 |
| 003 |
DE-627 |
| 005 |
20240712115319.0 |
| 007 |
tu |
| 008 |
240301s1983 xx ||||| 00| ||eng c |
| 020 |
|
|
|a 0877223041
|9 0-87722-304-1
|
| 035 |
|
|
|a (DE-627)1882338278
|
| 035 |
|
|
|a (DE-599)KXP1882338278
|
| 040 |
|
|
|a DE-627
|b ger
|c DE-627
|e rda
|
| 041 |
|
|
|a eng
|
| 100 |
1 |
|
|a Krieger, Susan
|e VerfasserIn
|0 (DE-588)119505452
|0 (DE-627)696216485
|0 (DE-576)212789325
|4 aut
|
| 245 |
1 |
4 |
|a The mirror dance
|b identity in a women's community
|c Susan Krieger
|
| 264 |
|
1 |
|a Philadelphia
|b Temple University Press
|c 1983
|
| 300 |
|
|
|a xviii, 199 Seiten
|
| 336 |
|
|
|a Text
|b txt
|2 rdacontent
|
| 337 |
|
|
|a ohne Hilfsmittel zu benutzen
|b n
|2 rdamedia
|
| 338 |
|
|
|a Band
|b nc
|2 rdacarrier
|
| 583 |
1 |
|
|a Archivierung prüfen
|c 20240511
|f DE-640
|z 1
|2 pdager
|
| 935 |
|
|
|a mkri
|
| 951 |
|
|
|a BO
|
| ELC |
|
|
|b 1
|
| LOK |
|
|
|0 000 xxxxxcx a22 zn 4500
|
| LOK |
|
|
|0 001 4494868930
|
| LOK |
|
|
|0 003 DE-627
|
| LOK |
|
|
|0 004 1882338278
|
| LOK |
|
|
|0 005 20240301132217
|
| LOK |
|
|
|0 008 240301||||||||||||||||ger|||||||
|
| LOK |
|
|
|0 040
|a DE-Frei85
|c DE-627
|d DE-Frei85
|
| LOK |
|
|
|0 852
|a DE-Frei85
|
| LOK |
|
|
|0 852 1
|m p
|9 00
|
| LOK |
|
|
|0 938
|k p
|
| LOK |
|
|
|0 939
|a 01-03-24
|b l01
|
| ORI |
|
|
|a SA-MARC-krimdoka001.raw
|